ORACLE Database 10g New Features (Record no. 9718)
[ view plain ]
| 000 -LEADER | |
|---|---|
| fixed length control field | 00277nam a2200109Ia 4500 |
| 100 ## - MAIN ENTRY--AUTHOR NAME | |
| Personal name | Robert G. Freeman |
| 245 #0 - TITLE STATEMENT | |
| Title | ORACLE Database 10g New Features |
| 260 ## - PUBLICATION, DISTRIBUTION, ETC. (IMPRINT) | |
| Place of publication | Canada |
| Name of publisher | Tata McGraw Hill |
| Year of publication | 1975 |
| 300 ## - PHYSICAL DESCRIPTION | |
| Number of Pages | 230 |
| 942 ## - ADDED ENTRY ELEMENTS (KOHA) | |
| Koha item type | Books |
| Withdrawn status | Lost status | Collection code | Permanent Location | Current Location | Shelving location | Date acquired | Full call number | Accession Number | Koha item type |
|---|---|---|---|---|---|---|---|---|---|
| | | Computer Science | MAJU | MAJU | | 2019-09-14 | 891.439 | 5641 | Computer Science |